000 01231nam a2200289L 4500
001 ageofgrief00smil
003 CaSfIA
005 20210117182408.0
007 cr||||
008 091205s1991 nyu 000 u eng d
040 _aDKDLA
_bdan
_cDKDLA
_dCaSfIA
020 _a0804103682
020 _a9780804103688
035 _a(OCoLC)473628702
084 _a82/89(73)
_2z
100 1 _aSmiley, Jane.
245 1 4 _aThe age of grief.
_h[electronic resource]
260 _aNew York :
_bIvy Books,
_c1988.
300 _a181 s.
029 0 _aDKDLA
_b27361391
856 4 1 _uhttp://www.archive.org/details/ageofgrief00smil
_zFree eBook from the Internet Archive
856 4 2 _uhttp://www.openlibrary.org/books/OL24199619M
_zAdditional information and access via Open Library
999 _c466252
_d466252
942 _cEB
506 _fНеобхідна авторизація на https://archive.org/ (створення облікового запису безкоштовно)
506 _fНеобхідна авторизація на https://openlibrary.org/ (створення облікового запису безкоштовно)